Propuesta de renovación urbana del sector Bolonia N°2, urbanización progresiva Jonathan González Etapa I, II, III y área comercial el retiro
El presente trabajo trata de la elaboración de una propuesta de renovación urbana del sector Bolonia N°2 enfatizando en el subsector IV, urbanización progresiva Jonathan González Etapa I, II, III y área comercial el retiro, ubicado en el distrito II de la ciudad de Managua periodo 2008-2009....
| Main Authors: | , , |
|---|---|
| Other Authors: | |
| Format: | Tesis Section = Libro |
| Language: | Undetermined Spanish |
| Published: |
Managua
UNI
2008
|
| Subjects: |
| LEADER | 01348nam a2200301Ia 4500 | ||
|---|---|---|---|
| 008 | 240830s9999 xx 000 0 und d | ||
| 040 | |a BIBLIOTECA-RUSB/ Mon 711.4 I65 | ||
| 041 | |a spa | ||
| 082 | |a Mon 711.4 I65 | ||
| 100 | 1 | |a Irañeta Gazo, Xóchitl Oskia | |
| 100 | 1 | |b Mayorga Parrales, Jorge Luis | |
| 100 | 1 | |c Gutiérrez Ortiz, Roberto Carlos | |
| 245 | 1 | 0 | |a Propuesta de renovación urbana del sector Bolonia N°2, urbanización progresiva Jonathan González Etapa I, II, III y área comercial el retiro |
| 260 | |a Managua |b UNI |c 2008 | ||
| 300 | |a 230 p. :il. | ||
| 502 | |a Tesis (Arquitecto) - UNI, 2008. | ||
| 520 | 3 | |a El presente trabajo trata de la elaboración de una propuesta de renovación urbana del sector Bolonia N°2 enfatizando en el subsector IV, urbanización progresiva Jonathan González Etapa I, II, III y área comercial el retiro, ubicado en el distrito II de la ciudad de Managua periodo 2008-2009. | |
| 650 | 7 | |a PLANIFICACIÓN DEL ESPACIO (URBANISMO) | |
| 650 | 7 | |b DESARROLLO URBANO | |
| 650 | 7 | |c ASENTAMIENTOS HUMANOS- NICARAGUA | |
| 650 | 7 | |d ASENTAMIENTOS HUMANOS-NICARAGUA | |
| 650 | 7 | |e POLITICAS DE VIVIENDAS | |
| 650 | 7 | |f ORDENAMIENTO URBANO | |
| 650 | 7 | |g DISEÑO URBANO | |
| 700 | 1 | |a Tutor: |b Mendoza Velásquez, Francisco Antonio | |
| 942 | |c BK |2 ddc | ||
| 991 | |a TESIS | ||
| 999 | |c 20918 | ||